| 000 | 00356nam a22001217a 4500 | ||
|---|---|---|---|
| 999 |
_c3437 _d3437 |
||
| 008 | 200615b ||||| |||| 00| 0 eng d | ||
| 110 |
_92835 _aMCA |
||
| 245 | 1 | 0 | _aCode of safe working practice for merchant seamen : consolidated edition 2011 / |
| 260 |
_aLondon : _bTSO, _c2011. |
||
| 300 | _a120p. | ||
| 650 | 0 | _aShips--Cargo--Safety regulations | |
| 942 | _cBK | ||